Normal view
MARC view
Entry Personal Name
001 - CONTROL NUMBER
- control field: 165405
003 - CONTROL NUMBER IDENTIFIER
- control field: OSt
005 - DATE AND TIME OF LATEST TRANSACTION
- control field: 20220923221350.0
008 - FIXED-LENGTH DATA ELEMENTS
- fixed length control field: 220923|| aca||aabn | a|a d
040 ## - CATALOGING SOURCE
- Original cataloging agency: OSt
- Transcribing agency: OSt
100 ## - HEADING--PERSONAL NAME
- Personal name: कमलापति; विद्यालंकार, सुरेश कुमार
670 ## - SOURCE DATA FOUND
- Source citation: Work cat.: (OSt)349310: कमलापति; विद्यालंकार, सुरेश कुमार, हिन्दी गद्य विकास, 1970
